| 000 | 00808nam a2200217Ii 4500 | ||
|---|---|---|---|
| 003 | JO-AjNU | ||
| 008 | 230605s9999||||xx |||||||||||||| ||und|| | ||
| 020 | _a9953-82-100-3 | ||
| 040 |
_aJO-AjNU _bara _erda _cJO-AjNU |
||
| 041 | _aara | ||
| 050 | 1 | 4 | _aHQ 1236 .5 .A65. M37 2006 |
| 100 | 3 |
_aجابر، احمد ...وآخرون, _eauthor _918924 |
|
| 245 | 0 | 0 | _aالمرأة العربية في المواجهة النضالية والمشاركة العامة |
| 264 | 3 | 1 | _aبيروت: مركز دراسات الوحدة العربية، 2006 |
| 300 | _a168ص | ||
| 336 |
_atext _btxt _2rdacontent |
||
| 337 |
_aunmediated _bn _2rdamedia |
||
| 338 |
_avolume _bnc _2rdacarrier |
||
| 490 | 0 | _aسلسلة كتب المستقبل العربي؛ 53 | |
| 650 | 4 |
_aالمرأة - العالم العربي _918925 |
|
| 999 |
_aA6143 _c9711 _d9711 |
||